Every letter of the English alphabet - Statistics

General Stats
  • This quiz has been taken 136 times
  • The average score is 25 of 26
Answer Stats
Answer % Correct
A
98%
B
98%
C
98%
E
98%
I
97%
Q
97%
S
97%
D
95%
F
95%
G
95%
H
95%
P
95%
R
95%
T
95%
U
95%
W
95%
M
94%
N
94%
O
94%
Y
94%
J
92%
K
92%
L
92%
V
92%
X
92%
Z
91%
No matching quizzes found
Score Distribution
Percent of People with Each Score
Percentile by Number Answered
Your Score History
You have not taken this quiz